Prime des amiraux de la Crossguild - Statistiques

Statistiques générales
  • Ce quiz a été pris 6 fois
  • Le résultat moyen est 6 sur 7
Statistiques - réponses
Prime Personnages % Correct
3.000.000.000 Borsalino / Kizaru
100%
3.000.000.000 Fujitora / Issho
100%
3.000.000.000 Garp
100%
4.100.000.000 Kuzan / Aokiji
100%
4.500.000.000 Sakazuki / Akainu
100%
500.000.000 Koby
80%
3.000.000.000 Aramaki / Ryokugyu
60%
Aucun quiz correspondant
Distribution des résultats
% des personnes avec chaque résultat
Percentile par nombre de réponses
Votre historique - résultats
Vous n’avez pas pris ce quiz